000
00326nam a2200133Ia 4500
100
_a
Govt. of Maharastra
650
_a
General
942
_c
BK
654
_a
Civil services
245
_a
Maharashtra Civil Services ( Discipline & Appreal) Ruls 1979
260
_b
Govt.Press
_a
Pune
_c
1989
300
_a
35
546
_a
ENGLISH
999
_c
30681
_d
30681